[Event "NOR-chT 2018"]
[Site "Bergen"]
[Date "2018.05.10"]
[Round "1"]
[White "Urkedal, Frode Olav Olsen"]
[Black "Kakushadze, Ilia"]
[Result "1-0"]
[WhiteElo "2548"]
[BlackElo "2160"]
[Annotator "TA"]
[PlyCount "52"]
[EventDate "2018.??.??"]
[EventCountry "NOR"]
[SourceTitle "playchess.com"]
[Source "ChessBase"]
[SourceQuality "1"]

{[%evp 18,52,37,47,40,26,43,38,21,22,29,-86,24,16,39,29,48,15,15,10,4,4,50,43,41,40,38,46,55,45,290,285,668,662,962,960,1251]} 1. d4 Nf6 2. c4 c5 3. d5 b5 4. cxb5 a6 5. bxa6 g6 6. a7 {A58: Benko/Volga Gambit: Lines with 5 bxa6} (6. Nc3 Bg7 7. Nf3 O-O 8. g3 d6 9. Bg2 Nxa6 10. O-O Bf5 11. Nh4 Bd7 12. b3 Qb6 13. Bd2 Rfb8 14. Re1 Nc7 15. Qc2 Ra3 16. Qc1 Qa7 17. e4 Ng4 18. h3 {0-1 (38) Li,C (2732)-Shankland,S (2671) Liaocheng 2018}) 6... Rxa7 7. Nc3 Bg7 8. e4 {[%cal Be2e4,Be4e5][%mdl 32]} O-O 9. Nf3 {[%cal Bg1f3,Bf3d2,Bd2e4,Be4d6][%mdl 32]} e6 10. Be2 {LiveBook: 33 Games} exd5 11. e5 Ne4 12. Nxd5 {Qc2 is the strong threat.} Qa5+ 13. Nd2 {[#] And now b4 would win.} Bb7 $146 ({Predecessor:} 13... Nc6) 14. Ne7+ Kh8 {Threatens to win with ...Re8.} 15. O-O Qd8 16. Nxe4 Qxe7 17. Nd6 {[#] Black must now prevent f4.} Bxe5 18. Nxb7 Rxb7 19. Bf3 Rb4 20. a3 {[%cal Ba2a3,Ba3a4,Ba4a5][%mdl 32]} Rb6 21. a4 Nc6 22. a5 $36 {[%mdl 2048] White has some pressure.} Ra6 23. Re1 {Hoping for Bxc6.} Qf6 $2 ({Black should play} 23... f6 $14) 24. Qe2 $18 ({Less strong is} 24. Qxd7 Nd4 $14) 24... Qh4 $2 (24... Ra7 25. Bxc6 Re8) 25. g3 ({Worse is} 25. Qxa6 Qxh2+ 26. Kf1 Nd4 $15) 25... Qb4 {Strongly threatening ...Nd4.} 26. Bxc6 Re8 {Precision: White = 90%, Black = 37%.} 1-0

[Event "NOR-chT 2018"]
[Site "Bergen"]
[Date "2018.05.10"]
[Round "1"]
[White "Tisdall, Jonathan D"]
[Black "Shehzad, Shazil"]
[Result "1/2-1/2"]
[WhiteElo "2402"]
[BlackElo "1921"]
[Annotator "TA"]
[PlyCount "84"]
[EventDate "2018.??.??"]
[EventCountry "NOR"]
[SourceTitle "playchess.com"]
[Source "ChessBase"]
[SourceQuality "1"]

{[%evp 20,84,70,65,69,-53,-25,-33,0,0,0,0,0,0,0,0,0,0,0,0,6,-45,-38,-18,-32,-79,-45,-49,-35,-70,-49,-33,-44,-322,-335,-297,-301,-291,-300,-335,-316,-280,-289,-284,-87,-108,-116,-188,-171,-163,-36,-35,-31,-51,-25,-32,-41,-92,-90,-84,-74,-86,-44,-64,-8,-8,-8]} 1. Nf3 c5 2. c4 b6 3. Nc3 Bb7 4. e4 e6 5. d4 cxd4 6. Nxd4 a6 7. Be2 {A34: Symmetrical English: 2 Nc3, lines with ...d5} (7. a3 Nf6 8. f3 Qc7 9. Be3 Nc6 10. Rc1 Bc5 11. Qd2 O-O 12. Be2 Rac8 13. b4 Bxd4 14. Bxd4 Nxd4 15. Qxd4 {1-0 (33) Ponomariov,R (2694)-Fedorchuk,S (2648) Riadh 2017}) 7... d6 8. O-O Nf6 9. f3 Qc7 10. Be3 Nbd7 11. Rc1 {LiveBook: 32 Games} Be7 12. Nd5 (12. Qe1 $14) 12... exd5 $15 13. cxd5 Qd8 14. Nc6 Bxc6 $1 15. dxc6 Nc5 16. b4 Ne6 17. c7 $146 {[%cal Rc7d8]} Qd7 $1 18. Bxa6 Nxc7 19. Bb7 $1 {[%cal Rb7c6] Strongly threatening Bc6.} O-O $1 20. Bxa8 (20. Bc6 $11 Qd8 21. Bxa8 Nxa8 22. Qd4) 20... Rxa8 21. Bxb6 Ne6 22. Rf2 Qb5 23. Ba5 d5 24. Qe2 Qb7 {[%cal Rd5e4]} 25. exd5 Nxd5 {Threatens to win with ...Bg5.} 26. a3 $2 {[%mdl 8192] [#]} ({White must play} 26. Qe4 $15) 26... Bg5 $1 $19 {[%cal Rg5c1]} 27. Rff1 Bxc1 28. Rxc1 Rc8 29. Rc2 h6 30. Rxc8+ Qxc8 31. Qd2 Qc3 $2 (31... Qc6 $19 {and Black stays clearly on top. And now ...Ndf4 would win.} 32. a4 Nc3) 32. Qxc3 $17 Nxc3 33. Bb6 (33. Kf2 $17) 33... Na4 34. Be3 {[#]} Nc7 (34... Kf8 $1 $19 35. h3 Ke7) 35. Kf2 $15 Kf8 36. Ke2 Ke7 37. Kd3 $1 Kd6 38. Bf4+ (38. Kc4 $15) 38... Kc6 $17 39. Bxc7 Kxc7 40. Kc4 Kc6 41. b5+ Kb6 ({Better is} 41... Kd6 $1 $15) 42. Kd5 $11 Kc7 {Precision: White = 51%, Black = 51%.} 1/2-1/2

[Event "NOR-chT 2018"]
[Site "Bergen"]
[Date "2018.05.10"]
[Round "1"]
[White "Storme, Isak"]
[Black "Kristiansen, Snorre"]
[Result "1-0"]
[WhiteElo "2313"]
[BlackElo "1749"]
[Annotator "NA"]
[PlyCount "61"]
[EventDate "2018.??.??"]
[EventCountry "NOR"]
[SourceTitle "playchess.com"]
[Source "ChessBase"]
[SourceQuality "1"]
[TimeControl "40/5400:1800"]

1. Nf3 {[%emt 0:00:04]} d5 {[%emt 0:00:08]} 2. c4 {[%emt 0:00:12]} e6 {[%emt 0:00:32]} 3. d4 {[%emt 0:00:24]} Nf6 {[%emt 0:00:07]} 4. g3 {[%emt 0:00:22]} Be7 {[%emt 0:01:44]} 5. Bg2 {[%emt 0:00:14]} O-O {[%emt 0:01:23]} 6. O-O {[%emt 0:00:08]} b6 {[%emt 0:03:59]} 7. Ne5 {[%emt 0:01:32]} Bb7 {[%emt 0:01:17]} 8. Nc3 {[%emt 0:00:59]} Nbd7 {[%emt 0:03:02]} 9. Qa4 {[%emt 0:00:32]} Nxe5 {[%emt 0:18:00]} 10. dxe5 {[%emt 0:00:09]} Ne8 {[%emt 0:08:49]} 11. cxd5 {[%emt 0:00:52]} exd5 {[%emt 0:06:22]} 12. Nxd5 {[%emt 0:02:48]} Bxd5 {[%emt 0:03:30] LiveBook: 6 Games} 13. Rd1 {[%emt 0:00:54]} c6 {[%emt 0:00:53]} 14. e4 {[%emt 0:00:15]} b5 {[%emt 0:02:19]} 15. Qc2 {[%emt 0:00:53]} Rc8 {[%emt 0:04:40]} 16. Be3 {[%emt 0:03:35]} a6 $2 {[%emt 0:06:21]} (16... Nc7 17. exd5 (17. Bxa7 Qd7 $16) 17... Nxd5) 17. exd5 {[%emt 0:01:51]} cxd5 {[%emt 0:00:22]} 18. Qb3 {[%emt 0:08:39]} Nc7 {[%emt 0:01:30]} 19. a4 {[%emt 0:03:34]} b4 {[%emt 0:07:52]} 20. Bh3 {[%emt 0:07:05]} Rb8 {[%emt 0:02:09]} 21. Rac1 {[%emt 0:01:18]} Rb7 {[%emt 0:04:01]} 22. Rc6 {[%emt 0:03:26]} Qb8 {[%emt 0:02:21]} 23. Rdc1 {[%emt 0:04:04]} Kh8 {[%emt 0:03:07]} 24. Bd4 {[%emt 0:02:11]} a5 {[%emt 0:01:09]} 25. Qe3 {[%emt 0:10:26]} Bd8 {[%emt 0:00:52]} 26. Bf5 {[%emt 0:03:53]} Re8 {[%emt 0:00:54]} 27. Qf3 {[%emt 0:02:01]} Bg5 {[%emt 0:00:39]} 28. Qh5 {[%emt 0:00:32]} Bh6 {[%emt 0:00:53]} 29. Rxh6 {[%emt 0:00:26]} Kg8 {[%emt 0:00:45]} 30. Rxh7 {[%emt 0:00:28]} Kf8 {[%emt 0:00:11]} 31. Bc5+ {[%emt 0:00:31]} 1-0

[Event "NOR-chT 2018"]
[Site "Bergen"]
[Date "2018.05.10"]
[Round "1"]
[White "Diesen, Bruce"]
[Black "Shehzad, Alisha"]
[Result "1-0"]
[WhiteElo "2161"]
[BlackElo "1669"]
[Annotator "NA"]
[PlyCount "83"]
[EventDate "2018.??.??"]
[EventCountry "NOR"]
[SourceTitle "playchess.com"]
[Source "ChessBase"]
[SourceQuality "1"]
[TimeControl "40/5400:1800"]

1. e4 {[%emt 0:00:13]} c5 {[%emt 0:00:51]} 2. Nf3 {[%emt 0:00:10]} e6 {[%emt 0:00:15]} 3. d4 {[%emt 0:00:12]} cxd4 {[%emt 0:00:05]} 4. Nxd4 {[%emt 0:00:03]} Nc6 {[%emt 0:00:08]} 5. Nc3 {[%emt 0:00:06]} a6 {[%emt 0:00:06]} 6. Be3 {[%emt 0:00:38]} Qc7 {[%emt 0:00:12]} 7. Qd2 {[%emt 0:00:23]} Nf6 {[%emt 0:00:24]} 8. Bd3 {[%emt 0:02:59]} Ne5 {[%emt 0:05:59] B48: Sicilian: Taimanov: 5 Nc3 Qc7 6 Be3 a6 without Be2} 9. f3 {[%emt 0:02:30]} Be7 {[%emt 0:04:19]} 10. O-O-O $146 {[%emt 0:07:10]} ({Predecessor:} 10. f4 Nc4 11. Bxc4 Qxc4 12. Qd3 b5 13. a4 Qxd3 14. cxd3 b4 15. Nce2 O-O 16. h3 Bb7 {0-1 (40) Georgakopoulos,N (2258)-Bosiocic,M (2543) Chalkis 2010}) 10... Nxd3+ {[%emt 0:02:14]} 11. Qxd3 {[%emt 0:01:14]} b5 {[%emt 0:02:24]} 12. g4 {[%emt 0:01:00]} b4 {[%emt 0:02:14]} 13. Na4 {[%emt 0:01:10]} d5 {[%emt 0:02:34]} 14. e5 {[%emt 0:02:18]} Qxe5 {[%emt 0:07:10]} 15. Nc6 {[%emt 0:12:38]} Qc7 {[%emt 0:01:36]} 16. Nxe7 {[%emt 0:00:18]} Qxe7 {[%emt 0:02:26]} 17. Bc5 {[%emt 0:01:08]} Qb7 {[%emt 0:01:56]} 18. Qd4 {[%emt 0:05:32]} Qb5 {[%emt 0:09:15]} 19. b3 $18 {[%emt 0:03:50]} ({And not} 19. Qxb4 Nd7 $11) 19... a5 {[%emt 0:14:10]} 20. Rhe1 {[%emt 0:00:42]} Bb7 {[%emt 0:02:35]} 21. Nb6 {[%emt 0:11:21]} Rd8 {[%emt 0:04:20]} 22. Nc4 {[%emt 0:11:03]} Qa6 {[%emt 0:05:58]} 23. Re5 {[%emt 0:13:17]} Rd7 {[%emt 0:05:33]} 24. Nb6 {[%emt 0:00:44]} Rc7 {[%emt 0:00:34]} 25. g5 {[%emt 0:03:53]} Nd7 {[%emt 0:00:51]} 26. Rxe6+ {[%emt 0:02:59]} fxe6 {[%emt 0:09:35]} 27. Qxg7 {[%emt 0:00:09]} Nxc5 {[%emt 0:00:35]} 28. Qxh8+ {[%emt 0:00:55]} Ke7 {[%emt 0:00:26]} 29. Qg7+ {[%emt 0:00:42]} Kd6 {[%emt 0:00:18]} 30. Qf8+ {[%emt 0:00:03]} Kc6 {[%emt 0:00:24]} 31. Nc4 {[%emt 0:00:04]} Rd7 {[%emt 0:00:18]} 32. Ne5+ {[%emt 0:00:01]} Kc7 {[%emt 0:00:05]} 33. Qxc5+ Kd8 {[%emt 0:00:03]} 34. Qf8+ {[%emt 0:00:04]} Kc7 {[%emt 0:00:01]} 35. Qc5+ {[%emt 0:00:02]} Kd8 {[%emt 0:00:01]} 36. Nxd7 Kxd7 37. Re1 {[%emt 0:00:04]} Kd8 {[%emt 0:00:03]} 38. Qf8+ {[%emt 0:00:02]} Kd7 {[%emt 0:00:01]} 39. Qf7+ {[%emt 0:00:02]} Kc6 {[%emt 0:00:00]} 40. Rxe6+ {[%emt 0:00:00]} Kb5 {[%emt 0:00:02]} 41. Rxa6 {[%emt 0:00:03]} Bxa6 {[%emt 0:00:02]} 42. Qxd5+ 1-0

[Event "NOR-chT 2018"]
[Site "Bergen"]
[Date "2018.05.10"]
[Round "1"]
[White "Holleland, Sigve"]
[Black "Lexander, Harald"]
[Result "1-0"]
[WhiteElo "2008"]
[BlackElo "1378"]
[Annotator "NA"]
[PlyCount "33"]
[EventDate "2018.??.??"]
[EventCountry "NOR"]
[SourceTitle "playchess.com"]
[Source "ChessBase"]
[SourceQuality "1"]
[TimeControl "40/5400:1800"]

1. c4 {[%emt 0:00:02]} e6 {[%emt 0:00:11]} 2. g3 {[%emt 0:00:15]} d5 {[%emt 0:00:24]} 3. Bg2 {[%emt 0:00:07]} Nf6 {[%emt 0:01:36]} 4. Nf3 {[%emt 0:00:40]} Be7 {[%emt 0:00:13]} 5. O-O {[%emt 0:00:10]} O-O {[%emt 0:00:07]} 6. d4 {[%emt 0:00:36]} c6 {[%emt 0:08:56]} 7. Nc3 {[%emt 0:05:12]} Nbd7 {[%emt 0:02:47]} 8. Bf4 {[%emt 0:01:01]} Ne4 {[%emt 0:10:21]} 9. Qc2 {[%emt 0:06:04]} f5 {[%emt 0:00:28]} 10. Rad1 {[%emt 0:04:15]} g5 {[%emt 0:25:36]} 11. Bc1 {[%emt 0:00:20]} h5 {[%emt 0:12:02]} 12. Qb3 $11 {[%emt 0:09:27]} (12. cxd5 $16 cxd5 13. Nxe4 fxe4 14. Nd2) 12... g4 {[%emt 0:03:08]} 13. Ne1 {[%emt 0:02:09]} h4 {[%emt 0:01:29]} 14. Nd3 {[%emt 0:02:30]} Ng5 {[%emt 0:04:43]} 15. Nf4 {[%emt 0:02:33]} Bd6 {[%emt 0:01:14]} 16. cxd5 {[%emt 0:12:55]} Bxf4 {[%emt 0:03:41]} 17. dxe6 {[%emt 0:03:30]} 1-0

[Event "NOR-chT 2018"]
[Site "Bergen"]
[Date "2018.05.10"]
[Round "1"]
[White "Haugsdal, Arn-Tore"]
[Black "Bjorkly, Sara Marie Skaug"]
[Result "1-0"]
[WhiteElo "1987"]
[BlackElo "1343"]
[Annotator "NA"]
[PlyCount "71"]
[EventDate "2018.??.??"]
[EventCountry "NOR"]
[SourceTitle "playchess.com"]
[Source "ChessBase"]
[SourceQuality "1"]
[TimeControl "40/5400:1800"]

1. e4 {[%emt 0:00:08]} d5 {[%emt 0:00:06]} 2. exd5 {[%emt 0:00:11]} Nf6 {[%emt 0:00:09]} 3. Bb5+ {[%emt 0:00:53]} Bd7 {[%emt 0:03:22]} 4. Bc4 {[%emt 0:00:22]} c6 {[%emt 0:00:48]} 5. Nc3 {[%emt 0:01:19]} Bg4 {[%emt 0:01:49]} 6. f3 {[%emt 0:01:14]} Bh5 {[%emt 0:00:29]} 7. g4 {[%emt 0:09:42]} Bg6 {[%emt 0:01:56]} 8. h4 {[%emt 0:00:28]} h6 {[%emt 0:03:11]} 9. Nge2 {[%emt 0:11:12]} Nxd5 {[%emt 0:03:54]} 10. d4 {[%emt 0:02:38]} e6 {[%emt 0:02:50]} 11. Nf4 {[%emt 0:04:53]} Nxc3 {[%emt 0:05:48]} 12. bxc3 {[%emt 0:00:31]} Bh7 {[%emt 0:00:48]} 13. Qe2 {[%emt 0:02:05]} Be7 {[%emt 0:09:02]} 14. g5 {[%emt 0:11:10]} Bf5 $16 {[%emt 0:06:22]} (14... Qa5 $14 15. Bd2 Nd7) 15. Nh5 {[%emt 0:11:06]} hxg5 {[%emt 0:19:13]} 16. Nxg7+ {[%emt 0:02:07]} Kd7 {[%emt 0:04:16]} 17. Nxf5 {[%emt 0:06:28]} exf5 {[%emt 0:00:23]} 18. Bxf7 {[%emt 0:04:03]} Qf8 {[%emt 0:03:04]} 19. Qe6+ {[%emt 0:01:30]} Kc7 {[%emt 0:00:55]} 20. h5 {[%emt 0:03:53]} Rh6 {[%emt 0:05:24]} 21. Bg6 {[%emt 0:00:12]} f4 {[%emt 0:00:27]} 22. Bb2 {[%emt 0:03:22]} Nd7 {[%emt 0:00:26]} 23. O-O-O {[%emt 0:00:26]} Nb6 {[%emt 0:02:59]} 24. c4 {[%emt 0:00:26]} Ba3 {[%emt 0:00:56]} 25. Qe5+ {[%emt 0:01:34]} Qd6 {[%emt 0:03:18]} 26. Bxa3 {[%emt 0:00:12]} Qxe5 {[%emt 0:01:01]} 27. dxe5 {[%emt 0:00:08]} Nxc4 {[%emt 0:00:37]} 28. Be7 {[%emt 0:00:15]} Rhh8 {[%emt 0:01:48]} 29. Bxg5 {[%emt 0:00:14]} Rhf8 {[%emt 0:01:45]} 30. e6 {[%emt 0:00:59]} Nd6 {[%emt 0:00:28]} 31. e7 {[%emt 0:00:32]} Rg8 {[%emt 0:00:28]} 32. Bxf4 {[%emt 0:00:13]} Kd7 {[%emt 0:00:56]} 33. Rhe1 {[%emt 0:00:09]} Rxg6 {[%emt 0:00:14]} 34. hxg6 {[%emt 0:00:09]} Rg8 {[%emt 0:00:02]} 35. Rxd6+ {[%emt 0:00:09]} Ke8 {[%emt 0:00:02]} 36. Rd8# 1-0

[Event "NOR-chT 2018"]
[Site "Bergen"]
[Date "2018.05.10"]
[Round "1"]
[White "Myrheim, Hakon Abeland"]
[Black "Ostenstad, Berge"]
[Result "0-1"]
[WhiteElo "1890"]
[BlackElo "2442"]
[Annotator "TA"]
[PlyCount "96"]
[EventDate "2018.??.??"]
[EventCountry "NOR"]
[SourceTitle "playchess.com"]
[Source "ChessBase"]
[SourceQuality "1"]

{[%evp 19,96,10,18,10,18,-20,-4,-27,-25,-22,-7,-25,-14,-28,-25,-33,-35,-50,-48,-36,-34,-91,-76,-179,-119,-131,-135,-123,-134,-106,-117,-210,-216,-210,-214,-213,-208,-210,-195,-217,-212,-216,0,-191,-158,-177,-157,-177,-142,-255,-255,-271,-269,-273,-281,-262,-275,-586,-588,-575,-550,-967,-967,-967,-769,-967,-967,-878,-843,-967,-967,-967,-967,-967,-960,-951,-949,-930,-904]} 1. e4 e6 2. d4 d5 3. Nd2 Be7 4. Ngf3 Nf6 5. e5 Nfd7 6. Bd3 c5 7. c3 {C03: French Tarrasch: Unusual Black 3rd moves} b6 (7... Nc6 8. O-O g5 9. Qe2 h5 10. Qe3 Qb6 11. b4 cxd4 12. cxd4 Nxb4 13. Rb1 Qa5 14. Be2 g4 15. Ne1 Nb6 16. Nb3 Qa4 {½-½ (30) Xiong,J (2634)-Van Foreest,J (2629) Wijk aan Zee 2018}) 8. Qe2 a5 9. O-O Ba6 10. Bxa6 Nxa6 {LiveBook: 6 Games} 11. c4 Nc7 12. b3 $146 ({Predecessor:} 12. a4 O-O 13. Rd1 Nb8 14. Nb1 Nba6 {½-½ (25) Conde Poderoso,A (2364)-Dutra,A (2429) ICCF email 2015}) 12... O-O 13. Bb2 a4 14. Rfd1 Qb8 15. Rac1 Qb7 16. h4 Rfd8 17. cxd5 Nxd5 18. g3 axb3 19. axb3 Ra2 $36 {[%mdl 2048] Black has some pressure.} 20. Nf1 (20. Ne4 $15) 20... b5 21. Ra1 {[#]} (21. Rd2 $17 {was necessary.}) 21... Rda8 (21... Nc3 $1 $19 {[%mdl 512]} 22. Qd3 (22. Bxc3 Rxe2) 22... Nxd1 23. Rxa2 Nxb2 24. Rxb2 cxd4 25. Nxd4 Nxe5 26. Qxb5 Nf3+ 27. Kh1 Qxb5 28. Nxb5 Rb8) 22. Rxa2 $17 Rxa2 23. Ra1 Rxa1 $1 24. Bxa1 {[#]} Qa6 $1 {[%cal Ra6a1]} 25. Qd1 {[#]} (25. Bb2 $17) 25... c4 $1 $19 26. bxc4 bxc4 27. Ne1 Qa2 28. Nc2 N7b6 29. Nfe3 Qb3 30. Qd2 Qa2 $2 ({Black should play} 30... c3 $19 31. Qd3 Qb1+ 32. Qf1 Qa2) 31. Qc1 $2 (31. Qd1 $11 {and White has nothing to worry.}) 31... h6 32. Nd1 Qb3 33. Qb2 Na4 34. Qxb3 (34. Qc1 $17 {was the only defense.}) 34... cxb3 35. Nce3 Nxe3 36. Nxe3 b2 37. Bxb2 Nxb2 {[%mdl 4096] Endgame} 38. d5 $2 (38. f4 {is more resistant.}) 38... Bc5 {Black is clearly winning.} 39. dxe6 fxe6 40. Ng4 h5 41. Nh2 Nd3 42. Nf3 Nxf2 43. Kg2 Kf7 44. Ng5+ Ke7 45. Kf3 Ng4 46. Ke4 Bf2 47. Kf3 Bd4 48. Ke4 Bxe5 {Precision: White = 45%, Black = 74%.} 0-1

[Event "NOR-chT 2018"]
[Site "Bergen"]
[Date "2018.05.10"]
[Round "1"]
[White "Gjestemoen-VonHirsch, Andre"]
[Black "Lovik, Lasse Ostebo"]
[Result "1/2-1/2"]
[WhiteElo "1829"]
[BlackElo "2376"]
[Annotator "TA"]
[PlyCount "137"]
[EventDate "2018.??.??"]
[EventCountry "NOR"]
[SourceTitle "playchess.com"]
[Source "ChessBase"]
[SourceQuality "1"]

{[%evp 15,137,-26,-16,-31,-34,-48,-48,-60,-52,-61,-17,-18,-20,-75,-85,-77,-71,-103,-35,-42,-49,-58,-64,-35,76,65,181,75,75,78,86,86,85,83,90,89,85,83,111,102,97,103,103,105,106,97,104,97,97,92,110,98,179,174,172,179,175,183,183,179,169,177,164,140,148,145,143,126,132,124,166,90,184,175,203,205,208,204,220,217,202,185,170,162,192,201,355,352,548,543,470,558,550,544,538,535,518,489,477,333,468,453,419,325,412,391,364,320,523,502,707,677,793,788,584,0,635,514,680,671,577,564,514,464]} 1. e4 e6 2. Nf3 d5 3. Nc3 Nf6 4. e5 Nfd7 5. d4 c5 6. dxc5 Bxc5 7. Bd3 Nc6 8. Bf4 h6 {LiveBook: 50 Games} 9. a3 {C11: French: Classical System: 4 e5 and 4 Bg5 dxe4} (9. Bg3 g5 10. h3 a6 11. Qd2 b5 12. a3 Bb7 13. O-O Qe7 14. Ne2 Rg8 15. c3 h5 16. Ned4 h4 17. Bh2 {1-0 (34) Mozharov,M (2555)-Najer,E (2646) Moscow 2014}) 9... g5 {[%cal Bg7g5,Bg5g4][%mdl 32]} 10. Bg3 g4 11. Nd2 $146 {Black is slightly better.} ({Predecessor:} 11. Nh4 Ncxe5 12. O-O Be7 13. Bb5 Nc6 14. Nxd5 exd5 15. Nf5 Nf6 16. Nxe7 Qxe7 {1-0 (24) Richter,R (1846)-Schoettker,J (1939) Hamburg 2007}) 11... Ndxe5 12. Bb5 {aiming for Bxe5.} Bd7 13. Bxc6 Nxc6 14. Qxg4 (14. Nb3 $11 {remains equal.} Bb6 15. Qxg4) 14... h5 $17 15. Qe2 Nd4 16. Qd3 {Black must now prevent Be5.} Qf6 (16... Qg5 $17 {Hoping for ...h4.} 17. Nf3 Nxf3+ 18. Qxf3 Rg8) 17. O-O-O $15 {Nxd5! is the strong threat.} Qf5 18. Nde4 dxe4 19. Nxe4 Rc8 {[#]} (19... h4 $1 $15 20. b4 Bc6 21. Nd6+ Bxd6 22. Qxd4 e5 23. Qxd6 hxg3 24. hxg3 Rg8) 20. Qxd4 $1 $16 {[%mdl 512]} O-O ({Black should play} 20... Bxd4 $14 21. Nd6+ Kf8 22. Nxf5 exf5) 21. Nxc5 ({Don't play} 21. Qxd7 $6 Qxe4 22. Qd3 Qg4 $16) (21. Qe5 $18 Qxe5 22. Bxe5) 21... Rxc5 {[%csl Gc5][%cal Rf5c2]} 22. Qd3 Qxd3 23. Rxd3 Bb5 24. Rd2 {Strongly threatening Bd6.} Rfc8 25. b3 Bc6 26. f3 Bd5 27. Kb2 b5 28. Bf2 R5c7 29. Bd4 $36 {[%mdl 2048] Keeping Black busy.} Kh7 30. Re1 Kg6 31. Re3 f6 32. g4 e5 33. gxh5+ Kf7 {[#]} (33... Kf5 $16) 34. Bxa7 $1 $18 {[%mdl 512]} Be6 (34... Rxa7 35. Rxd5) 35. Bb6 Rc6 36. Ba5 Bf5 {[%cal Rc6c2]} 37. Rc3 Rxc3 38. Bxc3 {[%mdl 4096] Endgame KRB-KRB} Rh8 39. a4 bxa4 40. bxa4 Rxh5 41. a5 Rh4 42. Rf2 Be6 {[#]} 43. Ka3 ({White should try} 43. f4 $1 $18) 43... Bc4 (43... Rc4 $16 {is a better defense.}) 44. Kb4 Ke6 45. f4 Ba6 46. Kc5 Rh8 47. fxe5 fxe5 48. Kb6 Bc4 49. Rg2 Kd5 50. Rd2+ Ke6 $2 (50... Ke4 51. Kc5 Rc8+ 52. Kb4 Ba2) 51. a6 {[%cal Ba5a6,Ba6a7][%mdl 32]} Rb8+ (51... Bd5 $142 52. Re2 Rh6 53. Bxe5 Kd7+ 54. Kb5 Bc6+ 55. Kb4 Re6 56. Rd2+ Kc8) 52. Kc7 Ra8 53. Rd6+ Kf5 54. Kb7 Rg8 55. a7 Be2 56. Kb6 Bf3 57. Rh6 Re8 (57... Rg7 {keeps fighting.} 58. Rh8 Rb7+ 59. Ka6 Rf7) 58. Bd2 Rc8 59. c3 Rd8 60. Bc1 Rc8 61. Bb2 Kg5 $2 (61... Ba8 62. c4 Rxc4 63. Rh5+ Ke6 64. Bxe5 Bh1) 62. Rh7 Kg6 63. Rc7 Rd8 64. Rc6+ Kf5 65. Rc7 $2 (65. c4 $18) 65... Ke6 $2 {[%mdl 8192]} (65... Kg6 $11 66. c4 Rd6+ 67. Kb5 Kf6) 66. c4 {White is clearly winning.} Rd6+ 67. Ka5 Rd2 68. Ba3 Ra2 69. Kb4 {[%mdl 32768] Precision: White = 63%, Black = 38%. . An unexpected result.} 1/2-1/2

[Event "NOR-chT 2018"]
[Site "Bergen"]
[Date "2018.05.10"]
[Round "1"]
[White "Eliseev, Sergey"]
[Black "Hammerstad, Asmund"]
[Result "0-1"]
[WhiteElo "1685"]
[BlackElo "2211"]
[Annotator "NA"]
[PlyCount "78"]
[EventDate "2018.??.??"]
[EventCountry "NOR"]
[SourceTitle "playchess.com"]
[Source "ChessBase"]
[SourceQuality "1"]
[TimeControl "40/5400:1800"]

1. e4 {[%emt 0:00:03]} e6 {[%emt 0:00:11]} 2. d4 {[%emt 0:00:08]} d5 {[%emt 0:00:14]} 3. Bd3 {[%emt 0:00:07]} c5 {[%emt 0:01:07]} 4. Be3 {[%emt 0:18:25]} cxd4 {[%emt 0:01:53]} 5. Bb5+ {[%emt 0:07:56]} Bd7 {[%emt 0:02:14]} 6. Bxd7+ {[%emt 0:01:33]} Qxd7 {[%emt 0:01:42]} 7. Qxd4 {[%emt 0:08:54]} Nc6 {[%emt 0:00:51]} 8. Qa4 {[%emt 0:15:03]} Nb4 {[%emt 0:07:48]} 9. Qxd7+ {[%emt 0:07:13]} Kxd7 {[%emt 0:00:18]} 10. Na3 {[%emt 0:00:03]} dxe4 {[%emt 0:10:05]} (10... Nf6 $17 11. exd5 Nbxd5) 11. O-O-O+ {[%emt 0:00:15]} Kc6 {[%emt 0:00:43] [#]} (11... Ke8 $15 {stays ahead.}) 12. Nc4 $1 {[%emt 0:04:04]} f6 {[%emt 0:00:39]} 13. Ne2 {[%emt 0:00:06]} Nd5 {[%emt 0:17:54]} 14. Nd4+ {[%emt 0:06:11]} Kd7 {[%emt 0:00:29]} 15. Nb5 {[%emt 0:01:51]} b6 {[%emt 0:09:19]} 16. Bxb6 {[%emt 0:02:25]} axb6 {[%emt 0:03:23]} 17. Nxb6+ {[%emt 0:00:03]} Kc6 {[%emt 0:00:20]} 18. Nxa8 {[%emt 0:00:17]} Kxb5 {[%emt 0:00:22]} 19. Rhe1 {[%emt 0:04:44]} f5 {[%emt 0:00:29]} 20. Rd4 {[%emt 0:00:52]} Ngf6 {[%emt 0:07:01]} 21. Red1 $2 {[%emt 0:03:24]} (21. c4+ Kc5 22. Red1) 21... Bc5 {[%emt 0:02:45]} 22. c4+ {[%emt 0:00:24]} Ka6 {[%emt 0:00:29]} 23. cxd5 {[%emt 0:00:20]} Bxd4 {[%emt 0:00:14]} 24. Rxd4 {[%emt 0:00:36]} Rxa8 {[%emt 0:00:17]} 25. Ra4+ {[%emt 0:00:05]} Kb7 {[%emt 0:00:10]} 26. Rxa8 {[%emt 0:00:13]} Kxa8 {[%emt 0:00:09]} 27. dxe6 {[%emt 0:00:04]} Kb7 {[%emt 0:02:18]} 28. a4 {[%emt 0:00:31]} Kc6 {[%emt 0:00:44]} 29. a5 {[%emt 0:01:22]} Nd5 {[%emt 0:01:41]} 30. Kc2 {[%emt 0:00:31]} Kb5 {[%emt 0:01:06]} 31. Kb3 {[%emt 0:00:55]} Kxa5 {[%emt 0:05:29]} 32. Kc4 {[%emt 0:00:07]} Nc7 {[%emt 0:00:17]} 33. e7 {[%emt 0:00:18]} Kb6 {[%emt 0:00:07]} 34. Kd4 $19 {[%emt 0:00:00]} Kc6 {[%emt 0:00:16]} 35. Ke5 {[%emt 0:00:01]} g6 36. h4 Kd7 {[%emt 0:00:37]} 37. Kf6 {[%emt 0:00:05]} f4 {[%emt 0:00:17]} 38. h5 {[%emt 0:00:27]} gxh5 {[%emt 0:00:19]} 39. Kg5 {[%emt 0:00:01]} e3 {[%emt 0:00:19]} 0-1